000 00452nam a22001457a 4500
003 SGT
082 _a617.51
_bC22G
100 _aGUPTA, AAYUSHI
245 _aTO COMPARE THE SURGICAL OUTCOME IN PATIENTS UNDERGOING TYMPANOPLASTY WITH AND WITHOUT CORTICAL MASTOIDECTOMY IN MANAGEMENT OF SAFE CHRONIC SUPPURATIVE OTITIS MEDIA
260 _aGURUGRAM
_bSGTU
_c2022
300 _a75
650 _aOTORHINOLARYNGOLOGY
653 _aMS
942 _2ddc
_cTH
999 _c33187
_d33187